Proceso de transculturación en El diario que a diario de Nicolás Guillén /
Enregistré dans:
| Auteur principal: | |
|---|---|
| Format: | Inconnue |
| Langue: | Spanish |
| Sujets: | |
| Tags: |
Ajouter un tag
Pas de tags, Soyez le premier à ajouter un tag!
|
MARC
| LEADER | 000000000a22000000004500 | ||
|---|---|---|---|
| 001 | 002417 | ||
| 041 | 0 | |a spa | |
| 100 | 1 | |a Jaeger, Francés | |
| 245 | 1 | 0 | |a Proceso de transculturación en El diario que a diario de Nicolás Guillén / |c Francés Jaeger. |
| 310 | |a trimestral | ||
| 650 | 4 | |a EL DIARIO QUE A DIARIO | |
| 650 | 4 | |a GUILLEN, NICOLAS, 1902-1989 | |
| 650 | 4 | |a CRITICAS | |
| 773 | 0 | |x 008-7157 |d La Habana, Cuba : Casa de las Américas |t Casa de las Américas |g número 140 (2005), páginas 68-79 | |
| 942 | |c ARC | ||
| 999 | |c 9902 |d 9902 | ||
